000
00232nam a22000857a 4500
008
161022b xxu||||| |||| 00| 0 eng d
100
_9
931
_a
Wason.V.
245
_a
Accountancy for Class-XII
260
_a
New Delhi
_b
S.Chand Publications
_c
2012
999
_c
3586
_d
3586